| 000 | 00652nac a22001451u 4500 | ||
|---|---|---|---|
| 008 | 080901s ua||||||r||| 001 0cara d | ||
| 082 |
_a189.09 _bب و ر _222 |
||
| 245 |
_aتاريخ الفلسفة في الاسلام / _cتأليف ت.ج.دي بور ؛ نقله إلى العربية محمد عبد الهادي أبو ريدة _p |
||
| 260 |
_aالقاهرة : _bلجنة التأليف والترجمة والنشر ،[د.ت[ _c[د.ت] |
||
| 300 |
_a294 ص.; _c24 سم. |
||
| 500 | _aيحتوي على كشاف بالأعلام | ||
| 511 | _aCatalogued by: Sara | ||
| 541 |
_a ؛الف باء _cشراء ؛ |
||
| 942 |
_cBB _k189.09 ب و ر _2ddc |
||
| 999 |
_c7255 _d7255 |
||